Prostriedky riešenia sporov v medzinárodnom práve bakalárska práca

Enregistré dans:
Détails bibliographiques
Auteur principal: Štefanovičová, Silvia
Collectivité auteur: Fakulta medzinárodných vzťahov EU. Katedra medzinárodného práva
Autres auteurs: Pyteľová, Klaudia, 1985-
Format: Livre
Langue:slovaque
Publié: Bratislava 2013
Tags: Ajouter un tag
Pas de tags, Soyez le premier à ajouter un tag!

MARC

LEADER 00000nbm a2200000 4500
001 0172721
005 20161109112113.3
041 0 |a slo 
044 |a SK 
245 1 0 |a Prostriedky riešenia sporov v medzinárodnom práve  |b bakalárska práca  |c Silvia Štefanovičová ; školiteľ: Klaudia Pyteľová 
264 1 |a Bratislava  |c 2013 
300 |a 65 s. 
100 1 |a Štefanovičová, Silvia 
700 1 |a Pyteľová, Klaudia, 1985- 
710 2 |a Fakulta medzinárodných vzťahov EU. Katedra medzinárodného práva